<?xml version="1.0" encoding="UTF-8"?><?xml-stylesheet type="text/xsl" href="static/style.xsl"?><OAI-PMH xmlns="http://www.openarchives.org/OAI/2.0/" xmlns:xsi="http://www.w3.org/2001/XMLSchema-instance" xsi:schemaLocation="http://www.openarchives.org/OAI/2.0/ http://www.openarchives.org/OAI/2.0/OAI-PMH.xsd"><responseDate>2026-04-17T03:31:07Z</responseDate><request verb="GetRecord" identifier="oai:www.recercat.cat:10256/25174" metadataPrefix="marc">https://recercat.cat/oai/request</request><GetRecord><record><header><identifier>oai:recercat.cat:10256/25174</identifier><datestamp>2024-11-13T21:29:46Z</datestamp><setSpec>com_2072_452966</setSpec><setSpec>com_2072_2054</setSpec><setSpec>col_2072_452968</setSpec></header><metadata><record xmlns="http://www.loc.gov/MARC21/slim" xmlns:dcterms="http://purl.org/dc/terms/" xmlns:xsi="http://www.w3.org/2001/XMLSchema-instance" xmlns:doc="http://www.lyncode.com/xoai" xsi:schemaLocation="http://www.loc.gov/MARC21/slim http://www.loc.gov/standards/marcxml/schema/MARC21slim.xsd">
   <leader>00925njm 22002777a 4500</leader>
   <datafield ind2=" " ind1=" " tag="042">
      <subfield code="a">dc</subfield>
   </datafield>
   <datafield ind2=" " ind1=" " tag="720">
      <subfield code="a">Palazón Jerez, Vinyet</subfield>
      <subfield code="e">author</subfield>
   </datafield>
   <datafield ind2=" " ind1=" " tag="260">
      <subfield code="c">2024</subfield>
   </datafield>
   <datafield ind2=" " ind1=" " tag="520">
      <subfield code="a">Eating Disorders are a type of psychological pathology that predominantly develop during&#xd;
adolescence, and currently the incidence of cases is increasing year after year. Furthermore, the&#xd;
ideal of the aesthetic model, widely disseminated especially through the media and social&#xd;
networks, contributes to this rise in figures.&#xd;
To address this issue, we must focus on the prevention of these disorders, as well as on health&#xd;
promotion, which, according to the WHO (2019), is defined as "a state of complete physical,&#xd;
mental and social well-being and not merely the absence of disease".&#xd;
Consequently, it has been decided to approach the work from the perspective of families, since&#xd;
given the higher incidence during adolescence, family members can play a very important role&#xd;
in the prevention of these disorders, provided they have the necessary knowledge on the&#xd;
subject.&#xd;
Therefore, the main objective of this Final Degree Project is to promote education among&#xd;
families of students aged between 12 and 16 years old in schools in the Sants neighborhood as&#xd;
a method of awareness and future prevention of an eating disorder.&#xd;
It is a quasi-experimental pretest-posttest study that will consist of an educational explanatory&#xd;
session at each school. Before the intervention by two nurses, data will be collected through a&#xd;
form, and afterwards, another form will be administered, so that the effectiveness can be&#xd;
assessed considering the knowledge acquired, sociodemographic data, as well as their level of&#xd;
satisfaction.&#xd;
Finally, this project could contribute to empowering participating families, increasing knowledge&#xd;
about Eating Disorders, and creating a supportive environment between family and nurse. These&#xd;
contributions represent a positive impact on health promotion and education, in order to&#xd;
collaborate in the prevention of the onset of Eating Disorders</subfield>
   </datafield>
   <datafield ind2=" " ind1=" " tag="520">
      <subfield code="a">Els Trastorns de la Conducta Alimentària són un tipus de patologia psicològica que es&#xd;
desenvolupen majoritàriament a l’adolescència, i que actualment la incidència de casos va&#xd;
augmentant any rere any. A més, l’ideal del model estètic, difós sobretot públicament als&#xd;
mitjans de comunicació i xarxes socials, fa incrementar aquestes xifres.&#xd;
Per abordar aquest problema ens hem de centrar en la prevenció d’aparició d’aquests trastorns,&#xd;
així com de la promoció de la salut que, segons la OMS (2019), es defineix com “un estat de&#xd;
benestar físic, mental i social complet i no només l'absència de malaltia”.&#xd;
És per això que s’ha decidit enfocar el treball des del punt de vista de les famílies, degut a que&#xd;
al tenir una major incidència en l’etapa adolescent, els familiars poden jugar un paper molt&#xd;
important en la prevenció d’aquests trastorns, sempre i quan tinguin les bases necessàries sobre&#xd;
el tema.&#xd;
L’objectiu, per tant, d’aquest Treball de Fi de Grau és fomentar educació a les famílies dels&#xd;
alumnes d’entre 12 i 16 anys de les escoles del barri de Sants com a mètode de conscienciació i&#xd;
futura prevenció d’un trastorn de conducta alimentària.&#xd;
Es tracta d’un estudi quasi-experimental pretest-postest que consistirà d’una sessió explicativa&#xd;
educacional a cada escola. Abans de ser realitzada la intervenció per part de dues infermeres,&#xd;
se’ls recollirà dades a través d’un formulari i, posteriorment se’ls farà realitzar un altre, de&#xd;
manera que es podrà avaluar així l’efectivitat tenint en compte els coneixements adquirits, les&#xd;
dades sociodemogràfiques, així com el seu grau de satisfacció.&#xd;
Finalment aquest projecte podrà contribuir a un empoderament de les famílies participants, un&#xd;
augment dels coneixements sobre els TCA i crear un entorn de suport entre familiar-infermera.&#xd;
Aquestes aportacions suposen un impacte positiu en la promoció i educació per la salut, per&#xd;
poder col·laborar en la prevenció d’aparició dels Trastorns de la Conducta Alimentària</subfield>
   </datafield>
   <datafield ind2=" " ind1=" " tag="520">
      <subfield code="a">3</subfield>
   </datafield>
   <datafield tag="653" ind2=" " ind1=" ">
      <subfield code="a">Trastorns de la conducta alimentària</subfield>
   </datafield>
   <datafield tag="653" ind2=" " ind1=" ">
      <subfield code="a">Eating disorders</subfield>
   </datafield>
   <datafield tag="653" ind2=" " ind1=" ">
      <subfield code="a">Anorèxia nerviosa</subfield>
   </datafield>
   <datafield tag="653" ind2=" " ind1=" ">
      <subfield code="a">Anorexia nervosa</subfield>
   </datafield>
   <datafield tag="653" ind2=" " ind1=" ">
      <subfield code="a">Bulímia</subfield>
   </datafield>
   <datafield tag="653" ind2=" " ind1=" ">
      <subfield code="a">Bulimia</subfield>
   </datafield>
   <datafield tag="653" ind2=" " ind1=" ">
      <subfield code="a">Família</subfield>
   </datafield>
   <datafield tag="653" ind2=" " ind1=" ">
      <subfield code="a">Family</subfield>
   </datafield>
   <datafield tag="653" ind2=" " ind1=" ">
      <subfield code="a">Educació sanitària</subfield>
   </datafield>
   <datafield tag="653" ind2=" " ind1=" ">
      <subfield code="a">Health education</subfield>
   </datafield>
   <datafield ind2="0" ind1="0" tag="245">
      <subfield code="a">Programa d’educació sobre els trastorns de la conducta alimentària orientat a les famílies: projecte de recerca</subfield>
   </datafield>
</record></metadata></record></GetRecord></OAI-PMH>